Statistiques concernant Mots de la langue française terminés par "cade"

Cliquez ici pour prendre le quiz!

Statistiques générales

  • Ce quiz a été pris 127 fois
  • Le résultat moyen est 7 sur 16

Statistiques - réponses

IndiceMot% Correct
dix joursdécade
92%
noix de ...muscade
80%
forme architecturalearcade
72%
chutecascade
68%
voierocade
60%
devanturefaçade
59%
coup de grâceestocade
44%
secoussesaccade
42%
capricetocade
40%
muraillebarricade
39%
défilécavalcade
38%
traquenardembuscade
32%
maire, en Espagnealcade
21%
jetéeestacade
11%
lubiefoucade
9%
sceptre royalrécade
1%

Distribution des résultats

Percentile par nombre de réponses

% des personnes avec chaque résultat

Votre développement - résultats

Vous n’avez pas pris ce quiz